Anuario de investigación 2004 (Registro nro. 1996)

Detalles MARC
000 -CABECERA
Longitud fija campo de control 00844nas a22002297a 4500
003 - IDENTIFICADOR DELl NÚMERO DE CONTROL
Identificador del número de control OSt
005 - FECHA Y HORA DE LA ÚLTIMA TRANSACCIÓN
Fecha y hora de la última transacción 20160826155426.0
008 - CÓDIGOS DE INFORMACIÓN DE LONGITUD FIJA
Códigos de información de longitud fija 130910b2004 slv spa
040 ## - FUENTE DE LA CATALOGACIÓN
Centro transcriptor BMC
082 ## - NÚMERO DE LA CLASIFICACIÓN DECIMAL DEWEY
Númeroo de clasificación 378.007728405
082 ## - NÚMERO DE LA CLASIFICACIÓN DECIMAL DEWEY
Númeroo de clasificación 378.72840014
Número de documento
082 ## - NÚMERO DE LA CLASIFICACIÓN DECIMAL DEWEY
Númeroo de clasificación 001.47284
110 2# - PUNTO DE ACCESO PRINCIPAL-NOMBRE DE ENTIDAD CORPORATIVA
9 (RLIN) 4866
Nombre de entidad corporativa o nombre de jurisdicción como elemento inicial Universidad Católica de Occidente
245 10 - MENCIÓN DE TÍTULO
Título Anuario de investigación 2004
Mención de responsabilidad, etc. UNICAES
260 ## - PUBLICACIÓN, DISTRIBUCIÓN, ETC. (PIE DE IMPRENTA)
Lugar de publicación, distribución, etc. [Santa Ana
Nombre del editor, distribuidor, etc. Universidad Católica de Occidente, Unidad de Investigación
Fecha de publicación, distribución, etc. 2005?]
300 ## - DESCRIPCIÓN FÍSICA
Extensión 110 h.
Otras características físicas il. col. y n.
Dimensiones 27 cm
610 04 - PUNTO DE ACCESO ADICIONAL DE MATERIA - NOMBRE DE ENTIDAD CORPORATIVA
9 (RLIN) 3469
Nombre de entidad corporativa o nombre de jurisdicción como elemento inicial Universidad Católica de Occidente
Unidad subordinada Unidad de Investigación
Subdivisión de forma Anuarios
610 04 - PUNTO DE ACCESO ADICIONAL DE MATERIA - NOMBRE DE ENTIDAD CORPORATIVA
9 (RLIN) 9281
Nombre de entidad corporativa o nombre de jurisdicción como elemento inicial Universidad Católica de Occidente
Subdivisi&oacute,n de materia general Actividad científica
650 24 - PUNTO DE ACCESO ADICIONAL DE MATERIA - TÉRMINO DE MATERIA
9 (RLIN) 4874
Término de materia o nombre geográfico como elemento inicial Investigación
Subdivisión geográfica El Salvador
710 2# - PUNTO DE ACCESO ADICIONAL - NOMBRE DE ENTIDAD
9 (RLIN) 3468
Nombre de entidad o nombre de jurisdicción como elemento inicial Universidad Católica de Occidente
Unidad subordinada Unidad de Investigación
942 ## - ENTRADA DE ELEMENTOS AGREGADOS (KOHA)
Fuente de clasificaión o esquema Dewey Decimal Classification
Koha [por defecto] tipo de item 1- Monografias
Existencias
Suprimido Perdido Fuente de clasificación o esquema Estropeado Restricciones de uso No para préstamo Código de colección Localización permanente Localización actual Localización en estanter&íacute;as Fecha adquisición Fuente de adquisición Número de inventario Préstamos totales Signatura completa Código de barras Fecha última consulta Coste, precio reemplazado Fecha del precio de reemplazo Tipo de item de Koha
NULL NULL Dewey Decimal Classification NULL Prestable NULL NULL Biblioteca Miguel de Cervantes - UNICAES Biblioteca Miguel de Cervantes - UNICAES Sala Principal 12/09/2013 Donación - UNICO 002495   ANU-000020 1002495 12/09/2013 6.00 12/09/2013 2- Prensa y Revistas
NULL NULL Dewey Decimal Classification NULL Prestable NULL NULL Biblioteca Miguel de Cervantes - UNICAES Biblioteca Miguel de Cervantes - UNICAES Sala Principal 12/09/2013 Donación - UNICO 002496   ANU-000021 1002496 12/09/2013 6.00 12/09/2013 2- Prensa y Revistas
NULL NULL Dewey Decimal Classification NULL Prestable NULL NULL Biblioteca Miguel de Cervantes - UNICAES Biblioteca Miguel de Cervantes - UNICAES Sala Principal 12/09/2013 Donación - UNICO 002497   ANU-000022 1002497 12/09/2013 6.00 12/09/2013 2- Prensa y Revistas